000 01836nam a2200481 a 4500
001 20317
003 VRT
005 20260121122625.0
008 251031s2005 xo a j 000 j slo
015 _aSNBA2006/01-00185
020 _a8089210333
_q(viaz.)
039 9 _a202510310911
_bVLOAD
_c202403181340
_dVLOAD
_c201805281405
_dVLOAD
_c200801291046
_dmbpksh03
040 _aSNK
_bslo
_cSNK
041 1 _aslo
_hger
044 _axo
_cSK
072 7 _a821.112.2-3
_xNemecká próza, nemecky písaná
_2konspekt
072 7 _a821-93
_2MDT-MRF
080 _a821.112.2(436)-32
_2MDT-MRF
080 _a(0:82-321.3)
_2MDT-MRF
080 _a821-93
_2MDT-MRF
080 _a(0:82-252)
_2MDT-MRF
100 1 _aBrezina, Thomas,
_d1963-
_4aut
240 1 4 _aDer Mann mit den eisblauen Augen
_lSlovensky
245 1 0 _aMuž s ľadovým pohľadom
_bnapínavé príbehy so superlupou
_cThomas Brezina; ilustroval Wolfram Nowatzyk; z nemeckého originálu preložila Zdenka Baková]
250 _a1. vyd.
260 _aBratislava
_bFragment
_c2005
300 _a119 s., 8 s. text a ilustr. príl.
_bilustr.
_c19 cm
_e1 plastiková lupa
490 1 _aKlub záhad
650 7 _ačitateľské hry
_2SNKPH
655 7 _arakúske príbehy
_2SNKPH
655 7 _adobrodružné príbehy
_2SNKPH
655 7 _apublikácie pre deti
_2SNKPH
700 1 _aNowatzyk, Wolfram
_4ill
700 1 _aBaková, Zdenka
_4trl
830 0 _aKlub záhad
942 _2ddc
_cKLDE
_n0
949 _617A0489324
_asnkSD 75196
_bsnk2005/18729
_o2112/05
949 _60174025652
_alesknPRINT
_blesknBD2012/18840
949 _6273K0491776
_91
_asvkpoA 192930
_bsvkpo481386
_qpríloha: lupa
_rpríloha: lupa
949 _63869A08874
_abpksh821.112.2.93-31
_bbpksh51905
949 _617A0493134
_asnkSD 75196 D1
_bsnk2005/20972
_o2112/05
949 _64710706608
_astrmkM
_bstrmk2008/6608
999 _c20317
_d20317